000 00363pam a2200157a 44500
008 230515b2002 xxu||||| |||| 00| 0 eng d
020 _aNULL
041 _aENGLISH
082 _aN.D.
100 _aChadr B / Dutta D
245 _aDigital Image Processing & Analysis
250 _a0
260 _aNULL
_bPrintece Hall
_c2002
300 _a365
650 _aNULL
999 _c587670
_d587670